Can YOU Name The NBA's Last 20 MVP's? - Statistics

General Stats
  • This quiz has been taken 160 times
  • The average score is 18 of 20
Answer Stats
Year Player % Correct
2018 James Harden
98%
2013 LeBron James
98%
2012 LeBron James
98%
2010 LeBron James
98%
2009 LeBron James
98%
2000 Shaquille O'Neal
98%
2016 Stephen Curry
98%
2015 Stephen Curry
98%
2008 Kobe Bryant
97%
2017 Russell Westbrook
95%
2014 Kevin Durant
93%
2011 Derrick Rose
90%
2003 Tim Duncan
88%
2002 Tim Duncan
88%
2007 Dirk Nowitzki
83%
2006 Steve Nash
82%
2005 Steve Nash
82%
2001 Allen Iverson
81%
2004 Kevin Garnett
69%
1999 Karl Malone
62%
No matching quizzes found
Score Distribution
Percent of People with Each Score
Percentile by Number Answered
Your Score History
You have not taken this quiz